Organizational structure extensions and replications (Record no. 28025)

MARC details
000 -LEADER
fixed length control field 00396nam a2200145Ia 4500
082 ## - DEWEY DECIMAL CLASSIFICATION NUMBER
Classification number 065.016
Item number PUG
245 #0 - TITLE STATEMENT
Title Organizational structure extensions and replications
260 ## - PUBLICATION, DISTRIBUTION, ETC. (IMPRINT)
Place of publication London
Name of publisher Saxon
Year of publication 1976
490 ## - SERIES STATEMENT
Series statement The Aston Programme 2
650 ## - SUBJECT ADDED ENTRY--TOPICAL TERM
Topical Term Organizational structure
700 ## - ADDED ENTRY--PERSONAL NAME
Personal name Hinings, C R
700 ## - ADDED ENTRY--PERSONAL NAME
Personal name Pugh, D S
942 ## - ADDED ENTRY ELEMENTS (KOHA)
Koha item type Books
Holdings
Withdrawn status Lost status Damaged status Not for loan Home library Current library Date acquired Cost, normal purchase price Full call number Accession Number Koha item type
        RRII Library RRII Library 16/12/2021 16.70 065.016 PUG 08640 Books